| 000 | 02044nam2a2200313 i 4500 | ||
|---|---|---|---|
| 001 | RU\NLR\bibl\1923561 | ||
| 005 | 20241101170830.0 | ||
| 010 |
_a9785398006353 _9100 |
||
| 021 |
_aRU _b2012-43640 _93223 |
||
| 035 | _a(NLR Aleph) 001912991 | ||
| 090 |
_a3201939 _c3201939 |
||
| 100 | _a20120711d2011 u y0rusy50 ca | ||
| 101 | 0 | _arus | |
| 102 | _aRU | ||
| 105 | _aa ||||||||| | ||
| 200 | 1 | _aДорожные катки и одноковшовые погрузчики | |
| 210 | _d2011 | ||
| 215 |
_a171 с. _cил., цв. ил. |
||
| 320 | _aБиблиогр.: с. 150 (4 назв.) | ||
| 461 | 0 |
_1001RU\NLR\bibl\1996193 _12001#$aМашины для строительства, ремонта и содержания автомобильных дорог$vЧ. 1 _94139039 _aПугин, К. Г. _cПермь _d2011 _fК.Г. Пугин, А.М. Бургонутдинов _nИзд-во Пермского национального исследовательского политехнического университета _oучебное пособие : [для студентов очной и заочной форм обучения по направлению подготовки "Подъемно-транспортные, строительные, дорожные машины и оборудование" и "Автомобильные дороги и аэродромы"] _tМашины для строительства, ремонта и содержания автомобильных дорог _vЧ. 1 |
|
| 606 |
_aДорожные катки _jУчебные издания для высших учебных заведений _9893474 _3RU\NLR\auth\663311 |
||
| 606 | 1 |
_aПогрузчики одноковшовые _jУчебные издания для высших учебных заведений _92183410 _3RU\NLR\auth\661312853 |
|
| 686 | _aО311-060.622-53я73-1 | ||
| 686 | _aО951.6я73-1 | ||
| 801 | 0 |
_aRU _bNLR _c20120711 _gRCR |
|
| 801 | 1 |
_aRU _bNLR _c20120711 |
|
| 942 | _cBOOK | ||
| 980 | _aNBR | ||